Strategic management : (Record no. 26861)

MARC details
000 -LEADER
fixed length control field 00975cam a22002775a 4500
005 - DATE AND TIME OF LATEST TRANSACTION
control field 20201128024356.0
008 - FIXED-LENGTH DATA ELEMENTS--GENERAL INFORMATION
fixed length control field 160212t2015 enkab frb 001 0 eng d
020 ## - INTERNATIONAL STANDARD BOOK NUMBER
International Standard Book Number 9781292016894
020 ## - INTERNATIONAL STANDARD BOOK NUMBER
International Standard Book Number 1292016892
040 ## - CATALOGING SOURCE
Original cataloging agency StDuBDS
Language of cataloging eng
Transcribing agency StDuBDS
Modifying agency EG-ScBUE
-- EG-ScBUE
082 04 - DEWEY DECIMAL CLASSIFICATION NUMBER
Classification number 658.4012
Item number DAV
Edition number 22
100 1# - MAIN ENTRY--PERSONAL NAME
Personal name David, Fred R.
9 (RLIN) 22473
245 10 - TITLE STATEMENT
Title Strategic management :
Remainder of title concepts and cases : a competitive advantage approach /
Statement of responsibility, etc Fred R. David, Forest R. David.
250 ## - EDITION STATEMENT
Edition statement 15th. ed., global ed.
260 ## - PUBLICATION, DISTRIBUTION, ETC. (IMPRINT)
Place of publication, distribution, etc Harlow :
Name of publisher, distributor, etc Pearson Education Limited,
Date of publication, distribution, etc c.2015.
300 ## - PHYSICAL DESCRIPTION
Extent 682 p. :
Other physical details ill. (col.), maps (col) ;
Dimensions 28 cm.
500 ## - GENERAL NOTE
General note Previous edition : 2013.
500 ## - GENERAL NOTE
General note Includes bibliographical references and index.
650 #7 - SUBJECT ADDED ENTRY--TOPICAL TERM
Topical term or geographic name as entry element Strategic planning.
Source of heading or term BUEsh
9 (RLIN) 1643
650 #7 - SUBJECT ADDED ENTRY--TOPICAL TERM
Topical term or geographic name as entry element Business planning.
Source of heading or term BUEsh
651 ## - SUBJECT ADDED ENTRY--GEOGRAPHIC NAME
Source of heading or term BUEsh
653 ## - INDEX TERM--UNCONTROLLED
Resource For college BAEPS, Business Administration
Arrived date list October2018
690 7# - LOCAL SUBJECT ADDED ENTRY--TOPICAL TERM (OCLC, RLIN)
Topical term or geographic name as entry element Management and Business Studies
Source of heading or term blcoll
700 1# - ADDED ENTRY--PERSONAL NAME
Personal name David, Forest R.
942 ## - ADDED ENTRY ELEMENTS (KOHA)
Source of classification or shelving scheme Dewey Decimal Classification
Holdings
Withdrawn status Item status Source of classification or shelving scheme Damaged status Not for loan Home library Current library Shelving location Date acquired Total Checkouts Total Renewals Full call number Barcode Date last seen Date last borrowed Koha item type
    Dewey Decimal Classification     Central Library Central Library First floor 06/10/2018 4 4 658.4012 DAV 000043225 15/07/2025 15/04/2019 Book - Borrowing